Allgemeine Artikeln für Innungen oder Zünfte, des Königreichs Hungarn

Bibliographic Details
Format: Book
Language:German
PhysicalDescription:41 s. 33 cm
Published: Ofen Königl. hung. Universitäts Schriften 1813
Subjects:

MARC

LEADER 00000nam a2200000 a 4500
001 vtls001144278
003 SK-MaSNL
005 20260301194307.0
008 251104s1813 hu 000 0 ger
035 |a SNK000087133 
035 |a urn:nbn:sk:snk-amlr7x 
035 |a urn:nbn:sk:snk-am00c1jl 
035 |a 4D9888FF-DEDA-4433-AA91-6D3FB49B7606 
040 |a SNK  |b slo  |c SNK  |e AACR2 
041 0 |a ger 
044 |a hu  |c HU 
072 7 |a 331  |x Práca  |2 konspekt 
080 |a 334.782  |2 2001 
080 |a 061.2  |2 2001 
080 |a (035)  |2 2001 
080 |a 67/68  |2 2001 
245 0 0 |a Allgemeine Artikeln für Innungen oder Zünfte, des Königreichs Hungarn 
260 |a Ofen  |b Königl. hung. Universitäts Schriften  |c 1813 
300 |a 41 s.  |c 33 cm 
500 |a Kustody 
546 |a Nemčina  |b Fraktúra 
561 |a Okrúhla pečiatka: Nyitra Vámegyei Muzeum 1900 /5 SNK 
561 |a Okrúhla pečiatka: Dar Martina Hamuliaka Matici slovenskej /5 SNK 
650 0 7 |a cechy  |2 SNKPH  |9 2108 
650 0 7 |a spolky  |2 SNKPH  |9 4725 
650 0 7 |a remeslá  |2 SNKPH  |9 4998 
655 7 |a príručky  |2 SNKPH  |9 74364 
700 1 |a Hamuljak, Martin,  |d 1789-1859  |4 own  |9 79936 
852 |a Slovenská národná knižnica 
954 |a cechy maďarské (uhorské) 
958 |a ONDV 
999 |c 881313  |d 883243 
952 |t Ham 136  |a SNK  |b SNK  |c SNK_HF  |y PREZ  |7 0  |p 17A1120786  |o snkIB 72918  |i snk2014/24316  |8 5  |0 0  |1 0  |4 0  |d 2014-11-06  |f 1  |l 0  |r 2026-02-24 06:15:57  |w 2026-02-24